000 00521nam a22001577a 4500
003 OSt
005 20250829061917.0
008 250822b |||||||| |||| 00| 0 eng d
040 _aDWC-Main Lib
_cOC
082 _aFil. 342.599 C758 1986
245 _aThe constitution of the republic if the Philippines/
260 _aManila, Philippines :
_bMerriam & Webster Bookstore Inc.,
_cc1986.
300 _a69 pages :
_billustrations ;
_c20 cm.
650 _a1. Constitution ---Philippines -- Law.
942 _2ddc
_cBK - FIL
_kFil.
_n0
999 _c4213
_d4213